Music Quiz

Random Music Quiz

Radiohead Lyrics Quiz Stats

Quiz not verified by Sporcle

Challenge
Share
Tweet
Embed
Score 0/20 Timer 07:00
0 Plays Today
Lyrics Song % Correct
You watch your feet for cracks in the pavementSubterranean Homesick Alien
71.7%
I'm trapped in this body, I can't get outBodysnatchers
68.5%
Little baby's eyes, eyes, eyes, eyesI Will
66.3%
In rainbows...Reckoner
66.3%
Look into my eyes, its the only way you'll know I'm telling the truthKnives Out
65.2%
No one likes a smart-ass, but we all like starsMyxomatosis
54.3%
But the sea would electrocute us all(Nice Dream)
52.2%
Stepford wives, who are we to complain?A Wolf at the Door
52.2%
They fed us on little white liesMotion Picture Soundtrack
45.7%
Let me out of here, Let me out of hereNo Surprises
44.6%
Lyrics Song % Correct
One burst and we will probably crumbleBackdrifts
44.6%
This is just a nightmare4 Minute Warning
28.3%
I'm too busy to see you, you're too busy to waitPalo Alto
27.2%
Please keep moving, better keep movingKinetic
26.1%
There's a way out...Go Slowly
26.1%
A beautiful girl can turn your world into dustPunchdrunk Lovesick Singalong
22.8%
Take your helmet off, you're not under attackPaperbag Writer
21.7%
I think I have had my fillGive up the Ghost
20.7%
Up, up, through my heart, into my brainThe Butcher
19.6%
I need someone else's glassesMolasses
13%

You're not logged in!

Compare scores with friends on all Sporcle quizzes.
Sign Up with Email
OR
Log In

You Might Also Like...

Show Comments

Extras

Top Quizzes Today


Score Distribution

Your Account Isn't Verified!

In order to create a playlist on Sporcle, you need to verify the email address you used during registration. Go to your Sporcle Settings to finish the process.

Report this User

Report this user for behavior that violates our Community Guidelines.

Details: